000 00748nam a2200253Ia 4500
003 OSt
005 20220928115446.0
006 a|||||r|||| 00| 0
007 ta
008 220927b |||||||| |||| 00| 0 eng d
020 _cUKP 74.99
024 _a143727
037 _b072, 28/02/2020, Excel Book International
_cTextual
040 _aSDCL
_cSDCL
_beng
041 _2eng
_aeng
082 _aB37:1, RO
100 _aNair M. Thamban
_9444349
245 0 _aMeasure and integration
_b A first course
260 _aBoca Raton
_b CRC Press
_c2020
300 _axi,203p.
_ccm.
650 _aMathematics
942 _hB37:1, RO
_cTEXL
_2CC
999 _c759451
_d759451